00729nam a2200277Ia 450000500170000000800460001702000180006303700100008104000080009104000080009904000080010704100080011504100080012308400080013110000260013924500210016524500450018626000230023126000090025436500050026336500080026885600530027694200100032999900210033995200910036020260324130041.0008 260324s9999 xx 000 0 eng d a9781315706504 aEBOOK aCRL beng cCRL 2eng aeng qCRL aJason Ripper91180318 0aAmerican Stories 0bLiving American History: v. 2: From 1865 bTaylor and Francis c2008 a b200 uhttp://www.taylorfrancis.com/books/9781315706504 cEBOOK c1776121d1776121 00104070aCRLbCRLd2026-03-24l0pCL2058296r2026-03-24 13:00:41w2026-03-24yEBOOK